Current U.S. Governors - Statistics

General Stats
  • This quiz has been taken 46 times
    45 since last reset
  • The average score is 13 of 50
Answer Stats
Hint Answer % Correct
California (D) Gavin Newsom
68%
Florida (R) Ron DeSantis
68%
Kentucky (D) Andy Beshear
58%
Michigan (D) Gretchen Whitmer
58%
Minnesota (D) Tim Walz
58%
Texas (R) Greg Abbott
47%
Alabama (R) Kay Ivey
47%
Illinois (D) J.B. Pritzker
42%
Pennsylvania (D) Josh Shapiro
42%
New York (D) Kathy Hochul
42%
Georgia (R) Brian Kemp
37%
Arizona (D) Katie Hobbs
37%
Arkansas (R) Sarah Huckabee Sanders
37%
Maryland (D) Wes Moore
37%
Colorado (D) Jared Polis
32%
Alaska (R) Mike Dunleavy
32%
Connecticut (D) Ned Lamont
32%
North Carolina (D) Josh Stein
26%
Wisconsin (D) Tony Evers
26%
Virginia (R) Glenn Youngkin
21%
Nevada (R) Joe Lombardo
21%
Hawaii (D) Joshua Green
21%
Kansas (D) Laura Kelly
21%
Massachusetts (D) Maura Healey
21%
Indiana (R) Mike Braun
21%
New Jersey (D) Phil Murphy
21%
Vermont (R) Phil Scott
21%
Mississippi (R) Tate Reeves
21%
Tennessee (R) Bill Lee
16%
Rhode Island (D) Daniel McKee
16%
Louisiana (R) Jeff Landry
16%
New Hampshire (R) Kelly Ayotte
16%
Iowa (R) Kim Reynolds
16%
New Mexico (D) Michelle Lujan Grisham
16%
Missouri (R) Mike Kehoe
16%
Utah (R) Spencer Cox
16%
Oregon (D) Tina Kotek
16%
Idaho (R) Brad Little
11%
Montana (R) Greg Gianforte
11%
South Carolina (R) Henry McMaster
11%
Nebraska (R) Jim Pillen
11%
North Dakota (R) Kelly Armstrong
11%
Oklahoma (R) Kevin Stitt
11%
South Dakota (R) Larry Rhoden
11%
Delaware (D) Matt Meyer
11%
Ohio (R) Richard Michael DeWine
11%
Washington (D) Bob Ferguson
5%
Maine (D) Janet T. Mills
5%
Wyoming (R) Mark Gordon
5%
West Virginia (R) Patrick Morrisey
5%
No matching quizzes found
Score Distribution
Percent of People with Each Score
Percentile by Number Answered
Your Score History
You have not taken this quiz since the last reset